Sherlock (BBC) vs original novels Clickable Quiz Stats

 Plays Quiz not verified by Sporcle

Score 0/13 Timer 05:00
0 Plays Today
% Correct
The Hound of the Baskervilles
93.7%
A Study in Scarlet
92.9%
A Scandal in Bohemia
91.8%
The Sign of Four
87.2%
His Last Bow
83%
Dying Detective
82.8%
Six Napoleons
78.4%
The Final Problem
66.6%
Empty House
62.9%
The Five Orange Pips
32.4%
Musgrave Ritual
18.1%
Musgrave Ritual
17.8%
Dancing Men
15%

You're not logged in!

Compare scores with friends on all Sporcle quizzes.
OR
Log In

Sporcle TV

Today on Sporcle TV


Watch our educational content, quiz creation guides, and fun videos on Sporcle TV.

Show Comments

Extras

Top Quizzes Today


Score Distribution

Your Account Isn't Verified!

In order to create a playlist on Sporcle, you need to verify the email address you used during registration. Go to your Sporcle Settings to finish the process.

Report this User

Report this user for behavior that violates our Community Guidelines.

Details: